[Event "VIE-chT"]
[Site "Ho Chi Minh City"]
[Date "2013.08.19"]
[Round "8"]
[White "Bui, Vinh"]
[Black "Pham, Xuan Dat"]
[Result "1-0"]
[WhiteElo "2411"]
[BlackElo "2199"]
[PlyCount "83"]
[EventDate "2013.08.14"]
[EventType "team-swiss"]
[EventRounds "11"]
[EventCountry "VIE"]
[SourceTitle "CBM 156 Extra"]
[Source "ChessBase"]
[SourceDate "2013.10.22"]
[SourceVersion "1"]
[SourceVersionDate "2013.10.22"]
[SourceQuality "1"]

1. d4 Nf6 2. c4 e6 3. Nf3 b6 4. a3 Bb7 5. Nc3 d5 6. Qc2 Ne4 7. cxd5 Nxc3 8. bxc3 exd5 9. Bf4 Bd6 10. Bg3 0-0 11. e3 h6 12. Bd3 Ba6 13. Bxa6 Nxa6 14. c4 Bxg3 15. hxg3 c5 16. Qa4 Qc8 17. cxd5 cxd4 18. Qxd4 Nc5 19. Rd1 Qa6 20. Rh4 Rad8 21. Rg4 f6 22. Nh4 Qc8 23. Qf4 f5 24. Rg6 Ne4 25. Rc6 Qa6 26. Nxf5 Qa5+ 27. Kf1 Qa4 28. Rd4 Qb5+ 29. Ke1 Nc5 30. g4 Nd3+ 31. Rxd3 Qxd3 32. e4 Rde8 33. f3 Qxd5 34. Rg6 Qa5+ 35. Kf2 Qc5+ 36. Kg3 Rxf5 37. gxf5 Kh7 38. Qd6 Qc1 39. Rg4 Kh8 40. f6 Qc8 41. fxg7+ Kg8 42. Qxh6 1-0

[Event "VIE-chT"]
[Site "Ho Chi Minh City"]
[Date "2013.08.14"]
[Round "1"]
[White "Duong, Thuong Cong"]
[Black "Bui, Vinh"]
[Result "0-1"]
[WhiteElo "2075"]
[BlackElo "2411"]
[PlyCount "74"]
[EventDate "2013.08.14"]
[EventType "team-swiss"]
[EventRounds "11"]
[EventCountry "VIE"]
[SourceTitle "CBM 156 Extra"]
[Source "ChessBase"]
[SourceDate "2013.10.22"]
[SourceVersion "1"]
[SourceVersionDate "2013.10.22"]
[SourceQuality "1"]

1. e4 c5 2. Nf3 e6 3. c3 Nf6 4. e5 Nd5 5. Bc4 d6 6. 0-0 Nb6 7. Bb3 Nc6 8. d4 cxd4 9. cxd4 dxe5 10. dxe5 Qxd1 11. Rxd1 Bd7 12. Nc3 Na5 13. Bc2 Rc8 14. Bd3 Be7 15. Ne4 0-0 16. b3 Nd5 17. Bd2 b6 18. Nd4 Nc6 19. Nxc6 Bxc6 20. Ba6 Rcd8 21. Be2 Ba3 22. Bg5 Rd7 23. Rd2 h6 24. Be3 Nxe3 25. fxe3 Rxd2 26. Nxd2 Bb2 27. Rd1 Bxe5 28. Rc1 Bd7 29. Nf3 Bb8 30. Rd1 Bc6 31. Nd4 Bb7 32. Rc1 Bd6 33. Nb5 Bc5 34. Kf2 a6 35. Nc3 Rc8 36. Bf3 Bxf3 37. Kxf3 Ba3 0-1

[Event "Ho Chi Minh City HD Bank op 3rd"]
[Site "Ho Chi Minh City"]
[Date "2013.03.22"]
[Round "6"]
[White "Zhai, Mo"]
[Black "Bui, Vinh"]
[Result "0-1"]
[WhiteElo "2249"]
[BlackElo "2415"]
[PlyCount "116"]
[EventDate "2013.03.19"]
[EventType "swiss"]
[EventRounds "9"]
[EventCountry "VIE"]
[SourceTitle "CBM 153 Extra"]
[Source "ChessBase"]
[SourceDate "2013.04.22"]
[SourceVersion "1"]
[SourceVersionDate "2013.04.22"]
[SourceQuality "1"]

1. e4 c5 2. Nf3 e6 3. d4 cxd4 4. Nxd4 a6 5. Bd3 Ne7 6. 0-0 Nbc6 7. Be3 g6 8. Nd2 Bg7 9. Nxc6 bxc6 10. f4 d5 11. e5 0-0 12. Bc5 a5 13. Qe2 Re8 14. a4 Nf5 15. Nb3 Bf8 16. Bf2 Rb8 17. g4 Ng7 18. Ra2 Qc7 19. Nc5 h5 20. h3 Rb4 21. Qf3 hxg4 22. hxg4 f5 23. c3 Rb8 24. Kg2 Qf7 25. Rh1 fxg4 26. Qxg4 Nf5 27. Qh3 Qg7 28. Kf3 Kf7 29. Bxf5 exf5 30. e6+ Rxe6 31. Nxe6 Kxe6 32. Bd4 Qg8 33. Qh4 Ba6 34. Be5 Be7 35. Qe1 Re8 36. Rh8 Qf7 37. Bf6+ Kd7 38. Rxe8 Bxf6 39. Ra8 Bb7 40. Ra7 Kc7 41. c4 Bd4 42. Rxb7+ Kxb7 43. Qxa5 Qh7 44. Qb4+ Ka6 45. Ke2 Qh5+ 46. Kd2 Qh2+ 47. Kd1 Qh1+ 48. Qe1 Qf3+ 49. Kc2 dxc4 50. Ra3 Qxf4 51. Kb1 Qh2 52. Qc1 Qe2 53. Rg3 Bxb2 54. Qxb2 Qe1+ 55. Qc1 Qxg3 56. Qxc4+ Kb7 57. Qb4+ Kc8 58. a5 Qb8 0-1

[Event "Ho Chi Minh City HD Bank op 3rd"]
[Site "Ho Chi Minh City"]
[Date "2013.03.21"]
[Round "4"]
[White "Ni, Shiqun"]
[Black "Bui, Vinh"]
[Result "1-0"]
[WhiteElo "2204"]
[BlackElo "2415"]
[PlyCount "51"]
[EventDate "2013.03.19"]
[EventType "swiss"]
[EventRounds "9"]
[EventCountry "VIE"]
[SourceTitle "CBM 153 Extra"]
[Source "ChessBase"]
[SourceDate "2013.04.22"]
[SourceVersion "1"]
[SourceVersionDate "2013.04.22"]
[SourceQuality "1"]

1. e4 b6 2. d4 Bb7 3. Bd3 e6 4. Nf3 Nf6 5. Qe2 d5 6. e5 Nfd7 7. Ng5 Qe7 8. Nxh7 Qh4 9. Nxf8 Kxf8 10. c3 c5 11. Be3 Nc6 12. g3 Qh3 13. f4 Rc8 14. Qd2 cxd4 15. cxd4 Qxg3+ 16. hxg3 Rxh1+ 17. Ke2 Kg8 18. Kf3 f6 19. Kg2 Rh8 20. Nc3 fxe5 21. fxe5 Ncxe5 22. Rh1 Rxh1 23. Kxh1 Nc4 24. Qe2 e5 25. Bf5 Rc7 26. Nb5 1-0